U.S. Cities Physically Larger Than New York City - Statistics

General Stats
  • This quiz has been taken 172 times
  • The average score is 12 of 20
Answer Stats
City Land Area
mi² (km²)
2020
Population
Pop. Density
per sq. mile
% Correct
Los Angeles, California 469 (1,216) 3,898,747 8,304
97%
Dallas, Texas 339 (880) 1,304,379 3,849
95%
Houston, Texas 640 (1,659) 2,304,580 3,598
94%
Phoenix, Arizona 518 (1,342) 1,608,139 3,104
83%
San Diego, California 325 (844) 1,386,932 4,255
82%
Austin, Texas 319 (829) 961,855 3,006
80%
San Antonio, Texas 498 (1,292) 1,434,625 2,875
80%
Jacksonville, Florida 747 (1,935) 949,611 1,270
71%
Oklahoma City 606 (1,570) 681,054 1,123
70%
Charlotte, North Carolina 308 (798) 874,579 2,836
68%
Anchorage, Alaska 1,706 (4,421) 291,247 170
66%
Kansas City, Missouri 314 (815) 508,090 1,614
66%
Fort Worth, Texas 347 (900) 918,915 2,646
64%
Nashville, Tennessee 475 (1,232) 689,447 1,449
64%
Indianapolis, Indiana 361 (937) 887,642 2,454
59%
Louisville, Kentucky 324 (841) 633,045 1,948
43%
Chesapeake, Virginia 338 (877) 249,422 736
13%
Augusta, Georgia 302 (783) 202,081 668
11%
Suffolk, Virginia 399 (1,034) 94,324 236
9%
Buckeye, Arizona 392 (1,018) 91,502 242
6%
No matching quizzes found
Score Distribution
Percent of People with Each Score
Percentile by Number Answered
Your Score History
You have not taken this quiz